| 000 | 00770nam a22002177a 4500 | ||
|---|---|---|---|
| 005 | 20240530110604.0 | ||
| 008 | 161030s2015 ua a f b 000 0dara d | ||
| 017 |
_a2014/14359 _bمصر. دار الكتب |
||
| 020 | _a9772329816 | ||
| 040 |
_aEG-CaGPL _cEG-CaGPL |
||
| 082 | 0 | 4 |
_221 _a613.0283\ _bم ت |
| 100 | 0 | _aمحمد نجاتى الغزالى . | |
| 245 | 1 | 0 |
_aتغذية الاطفال و المراهقين و المسنين / _cمحمد نجاتى الغزالى . |
| 250 | _aط.1 | ||
| 260 |
_aالقاهرة : _bعالم الكتب ، _c2015 . |
||
| 300 |
_a174 ص ؛ _c24 سم . |
||
| 650 | 0 | 7 |
_2qrmak _aالاطفال _xتغذية |
| 650 | 0 | 7 |
_2qrmak _aالمراهقون _xتغذية |
| 942 |
_2ddc _cBK |
||
| 999 |
_c62731 _d62731 |
||